[Event "Baku Chess Olympiad | Open"]
[Site "chess24.com"]
[Date "2016.09.12"]
[Round "10"]
[White "Babarykin, Stanislav"]
[Black "Soors, Stef"]
[Result "0-1"]
[Board "2"]
[WhiteID "4101898"]
[WhiteElo "2339"]
[WhiteTitle "FM"]
[WhiteCountry "RUS"]
[WhiteFideId "4101898"]
[WhiteEloChange "-8"]
[BlackID "209511"]
[BlackElo "2398"]
[BlackTitle "IM"]
[BlackCountry "BEL"]
[BlackFideId "209511"]
[BlackEloChange "8"]

1. d4 {[%clk 1:31:16]} Nf6 {[%clk 1:30:46]} 2. Bf4 {[%clk 1:31:34]} e6 {[%clk
1:30:55]} 3. e3 {[%clk 1:31:55]} c5 {[%clk 1:30:57]} 4. c3 {[%clk 1:30:48]} Nc6
{[%clk 1:31:11]} 5. Nf3 {[%clk 1:30:44]} d5 {[%clk 1:31:04]} 6. Nbd2 {[%clk
1:31:02]} Bd6 {[%clk 1:31:17]} 7. Bg3 {[%clk 1:30:29]} O-O {[%clk 1:30:42]} 8.
Bd3 {[%clk 1:30:22]} b6 {[%clk 1:30:45]} 9. Ne5 {[%clk 1:23:21]} Bb7 {[%clk
1:30:18]} 10. f4 {[%clk 1:22:55]} Ne7 {[%clk 1:28:54]} 11. Qf3 {[%clk 1:18:31]}
Nf5 {[%clk 1:28:24]} 12. Bf2 {[%clk 1:18:31]} Be7 {[%clk 1:28:39]} 13. O-O {[%clk
1:18:07]} Nd6 {[%clk 1:23:52]} 14. Bh4 {[%clk 1:18:46]} Nfe4 {[%clk 1:20:34]} 15.
Bxe7 {[%clk 1:16:06]} Qxe7 {[%clk 1:20:46]} 16. Rad1 {[%clk 1:16:12]} f6 {[%clk
0:59:58]} 17. Ng4 {[%clk 0:31:06]} b5 {[%clk 0:54:15]} 18. dxc5 {[%clk 0:31:14]}
Nxc5 {[%clk 0:54:12]} 19. Bc2 {[%clk 0:27:36]} a5 {[%clk 0:51:29]} 20. Qh3 {[%clk
0:23:46]} g6 {[%clk 0:46:26]} 21. a3 {[%clk 0:20:20]} Na4 {[%clk 0:21:13]} 22.
Rb1 {[%clk 0:19:15]} Bc6 {[%clk 0:20:11]} 23. Qh4 {[%clk 0:10:49]} Nb6 {[%clk
0:15:35]} 24. Rfe1 {[%clk 0:09:39]} Ne4 {[%clk 0:13:35]} 25. Nxe4 {[%clk
0:08:03]} dxe4 {[%clk 0:13:58]} 26. Rbd1 {[%clk 0:03:32]} Ra7 {[%clk 0:11:49]}
27. Nf2 {[%clk 0:03:28]} f5 {[%clk 0:11:23]} 28. Qxe7 {[%clk 0:03:03]} Rxe7
{[%clk 0:11:48]} 29. Re2 {[%clk 0:01:41]} Bd5 {[%clk 0:09:40]} 30. Rb1 {[%clk
0:01:53]} Rc8 {[%clk 0:09:19]} 31. Nd1 {[%clk 0:01:32]} Rec7 {[%clk 0:08:51]} 32.
Ra1 {[%clk 0:01:29]} h6 {[%clk 0:06:31]} 33. Kf2 {[%clk 0:01:34]} g5 {[%clk
0:06:13]} 34. g3 {[%clk 0:01:28]} Kg7 {[%clk 0:06:16]} 35. Rd2 {[%clk 0:01:44]}
Kf6 {[%clk 0:06:21]} 36. Rd4 {[%clk 0:01:49]} h5 {[%clk 0:05:06]} 37. Ke2 {[%clk
0:01:39]} Rh8 {[%clk 0:02:34]} 38. Nf2 {[%clk 0:01:00]} gxf4 {[%clk 0:02:09]} 39.
exf4 {[%clk 0:31:07]} Bc4+ {[%clk 0:01:22]} 40. Kd2 {[%clk 0:17:28]} a4 {[%clk
0:31:03]} 41. Re1 {[%clk 0:09:01]} Bd5 {[%clk 0:18:18]} 42. Kc1 {[%clk 0:08:30]}
Rc4 {[%clk 0:16:05]} 43. Rd2 {[%clk 0:07:31]} Rc7 {[%clk 0:15:21]} 44. Rd4 {[%clk
0:07:01]} Nc4 {[%clk 0:15:44]} 45. Bd1 {[%clk 0:05:24]} Na5 {[%clk 0:12:47]} 46.
Kb1 {[%clk 0:05:37]} Nc6 {[%clk 0:11:55]} 47. Rd2 {[%clk 0:03:15]} Rg7 {[%clk
0:11:48]} 48. Nh3 {[%clk 0:02:32]} h4 {[%clk 0:08:12]} 49. g4 {[%clk 0:02:53]}
fxg4 {[%clk 0:07:40]} 50. Ng5 {[%clk 0:01:41]} Kf5 {[%clk 0:06:51]} 51. Rg1
{[%clk 0:01:41]} Ne5 {[%clk 0:06:58]} 52. fxe5 {[%clk 0:01:41]} 0-1

[Event "Baku Chess Olympiad | Open"]
[Site "chess24.com"]
[Date "2016.09.12"]
[Round "10"]
[White "Capone, Nicola"]
[Black "Mueller, Oliver"]
[Result "1-0"]
[Board "3"]
[WhiteID "224715"]
[WhiteElo "2373"]
[WhiteTitle "FM"]
[WhiteCountry "BEL"]
[WhiteFideId "224715"]
[WhiteEloChange "7"]
[BlackID "4633385"]
[BlackElo "2272"]
[BlackTitle "FM"]
[BlackCountry "GER"]
[BlackFideId "4633385"]
[BlackEloChange "-7"]

1. d4 {[%clk 1:30:30]} Nf6 {[%clk 1:30:30]} 2. Nf3 {[%clk 1:30:30]} e6 {[%clk
1:30:30]} 3. e3 {[%clk 1:30:30]} c5 {[%clk 1:30:30]} 4. b3 {[%clk 1:30:30]} Nc6
{[%clk 1:30:30]} 5. Bd3 {[%clk 1:30:30]} d5 {[%clk 1:30:30]} 6. O-O {[%clk
1:30:30]} Be7 {[%clk 1:30:30]} 7. Nbd2 {[%clk 1:30:30]} O-O {[%clk 1:30:30]} 8.
a3 {[%clk 1:30:30]} Qc7 {[%clk 1:30:30]} 9. Bb2 {[%clk 1:30:30]} b6 {[%clk
1:30:30]} 10. Rc1 {[%clk 1:30:30]} Bb7 {[%clk 1:30:30]} 11. dxc5 {[%clk 1:30:30]}
bxc5 {[%clk 1:30:30]} 12. c4 {[%clk 1:30:30]} Rfd8 {[%clk 1:30:30]} 13. cxd5
{[%clk 1:30:30]} exd5 {[%clk 1:30:30]} 14. Bxf6 {[%clk 1:30:30]} Bxf6 {[%clk
1:30:30]} 15. Rxc5 {[%clk 1:30:30]} Be7 {[%clk 1:30:30]} 16. Rc3 {[%clk 1:30:30]}
Bxa3 {[%clk 1:30:30]} 17. Nd4 {[%clk 1:30:30]} Qb6 {[%clk 1:30:30]} 18. Nxc6
{[%clk 1:30:30]} Bxc6 {[%clk 1:30:30]} 19. Qc2 {[%clk 1:30:30]} Bb5 {[%clk
1:30:30]} 20. Bxb5 {[%clk 1:30:30]} Qxb5 {[%clk 1:30:30]} 21. Nf3 {[%clk
1:30:30]} Be7 {[%clk 1:30:30]} 22. Nd4 {[%clk 1:30:30]} Qe8 {[%clk 1:30:30]} 23.
Nc6 {[%clk 1:30:30]} Rd7 {[%clk 1:30:30]} 24. Qd3 {[%clk 1:30:30]} Bf6 {[%clk
1:30:30]} 25. Rc5 {[%clk 1:30:30]} Qe6 {[%clk 1:30:30]} 26. Rfc1 {[%clk 1:30:30]}
g6 {[%clk 1:30:30]} 27. b4 {[%clk 1:30:30]} Kg7 {[%clk 1:30:30]} 28. Rd1 {[%clk
1:30:30]} Rc8 {[%clk 1:30:30]} 29. b5 {[%clk 1:30:30]} Rdc7 {[%clk 1:30:30]} 30.
Rxd5 {[%clk 1:30:30]} a6 {[%clk 1:30:30]} 31. Rd6 {[%clk 1:30:30]} Qf5 {[%clk
1:30:30]} 32. Qxf5 {[%clk 1:30:30]} gxf5 {[%clk 1:30:30]} 33. Nb4 {[%clk
1:30:30]} axb5 {[%clk 1:30:30]} 34. Nd5 {[%clk 1:30:30]} Rc1 {[%clk 1:30:30]} 35.
Nxf6 {[%clk 1:30:30]} Rxd1+ {[%clk 1:30:30]} 36. Rxd1 {[%clk 1:30:30]} Kxf6
{[%clk 1:30:30]} 37. Kf1 {[%clk 1:30:30]} Ke6 {[%clk 1:30:30]} 38. Rb1 {[%clk
1:30:30]} Rc5 {[%clk 1:30:30]} 39. Ke2 {[%clk 1:30:30]} Rc2+ {[%clk 1:30:30]} 40.
Kf3 {[%clk 1:30:30]} Rc5 {[%clk 1:30:30]} 41. Ke2 {[%clk 1:30:30]} Ke5 {[%clk
1:30:30]} 42. Rb4 {[%clk 1:30:30]} h6 {[%clk 1:30:30]} 43. h3 {[%clk 1:30:30]}
Rc2+ {[%clk 1:30:30]} 44. Ke1 {[%clk 1:30:30]} Rc5 {[%clk 1:30:30]} 45. g3 {[%clk
1:30:30]} Rc1+ {[%clk 1:30:30]} 46. Kd2 {[%clk 1:30:30]} Rc5 {[%clk 1:30:30]} 47.
Rb2 {[%clk 1:30:30]} Kd5 {[%clk 1:30:30]} 48. Rb4 {[%clk 1:30:30]} Ke5 {[%clk
1:30:30]} 49. f3 {[%clk 1:30:30]} Rd5+ {[%clk 1:30:30]} 50. Ke2 {[%clk 1:30:30]}
Kf6 {[%clk 1:30:30]} 51. Rb2 {[%clk 1:30:30]} Ke5 {[%clk 1:30:30]} 52. Rb4 {[%clk
1:30:30]} Kf6 {[%clk 1:30:30]} 53. Rb2 {[%clk 1:30:30]} Ke5 {[%clk 1:30:30]} 54.
f4+ {[%clk 1:30:30]} Ke6 {[%clk 1:30:30]} 55. g4 {[%clk 1:30:30]} fxg4 {[%clk
1:30:30]} 56. hxg4 {[%clk 1:30:30]} f5 {[%clk 1:30:30]} 57. gxf5+ {[%clk
1:30:30]} Kxf5 {[%clk 1:30:30]} 58. Kf3 {[%clk 1:30:30]} Rc5 {[%clk 1:30:30]} 59.
Rd2 {[%clk 1:30:30]} Ke6 {[%clk 1:30:30]} 60. Rb2 {[%clk 1:30:30]} Kd6 {[%clk
1:30:30]} 61. Ke4 {[%clk 1:30:30]} Ke6 {[%clk 1:30:30]} 62. Rg2 {[%clk 1:30:30]}
Kf6 {[%clk 1:30:30]} 63. Rb2 {[%clk 1:30:30]} Ke6 {[%clk 1:30:30]} 64. Ra2 {[%clk
1:30:30]} Rc6 {[%clk 1:30:30]} 65. Rh2 {[%clk 1:30:30]} Kd7 {[%clk 1:30:30]} 66.
f5 {[%clk 1:30:30]} b4 {[%clk 1:30:30]} 67. Rb2 {[%clk 1:30:30]} Rb6 {[%clk
1:30:30]} 68. Rb3 {[%clk 1:30:30]} Rb5 {[%clk 1:30:30]} 69. Kf4 {[%clk 1:30:30]}
Kd6 {[%clk 1:30:30]} 70. e4 {[%clk 1:30:30]} h5 {[%clk 1:30:30]} 71. Kg5 {[%clk
1:30:30]} Ke5 {[%clk 1:30:30]} 72. f6 {[%clk 1:30:30]} Ke6+ {[%clk 1:30:30]} 73.
Kg6 {[%clk 1:30:30]} Rb7 {[%clk 1:30:30]} 74. Rf3 {[%clk 1:30:30]} Rf7 {[%clk
1:30:30]} 75. e5 {[%clk 1:30:30]} Rf8 {[%clk 1:30:30]} 76. Kg7 {[%clk 1:30:30]}
Rb8 {[%clk 1:30:30]} 77. f7 {[%clk 1:30:30]} Kxe5 {[%clk 1:30:30]} 78. Rb3 {[%clk
1:30:30]} h4 {[%clk 1:30:30]} 79. Rxb4 {[%clk 1:30:30]} Rxb4 {[%clk 1:30:30]} 80.
f8Q {[%clk 1:30:30]} Rf4 {[%clk 1:30:30]} 81. Qc5+ {[%clk 1:30:30]} Ke4 {[%clk
1:30:30]} 82. Kg6 {[%clk 1:30:30]} Kf3 {[%clk 1:30:30]} 83. Qc3+ {[%clk 1:30:30]}
Kg4 {[%clk 1:30:30]} 84. Qe3 {[%clk 1:30:30]} h3 {[%clk 1:30:30]} 85. Qg1+ {[%clk
1:30:30]} Kf3 {[%clk 1:30:30]} 86. Kg5 {[%clk 1:30:30]} Re4 {[%clk 1:30:30]} 87.
Qh1+ {[%clk 1:30:30]} Ke3 {[%clk 1:30:30]} 88. Qxh3+ {[%clk 1:30:30]} Kd2 {[%clk
1:30:30]} 89. Kf5 {[%clk 1:30:30]} Ra4 {[%clk 1:30:30]} 90. Qb3 {[%clk 1:30:30]}
Rd4 {[%clk 1:30:30]} 91. Ke5 {[%clk 1:30:30]} Rh4 {[%clk 1:30:30]} 92. Qd5+
{[%clk 1:30:30]} Ke3 {[%clk 1:30:30]} 93. Qd1 {[%clk 1:30:30]} Kf2 {[%clk
1:30:30]} 94. Qd2+ {[%clk 1:30:30]} Kf3 {[%clk 1:30:30]} 95. Qe1 {[%clk 1:30:30]}
Rg4 {[%clk 1:30:30]} 96. Qd1+ {[%clk 1:30:30]} Kg3 {[%clk 1:30:30]} 97. Kf5
{[%clk 1:30:30]} Rf4+ {[%clk 1:30:30]} 98. Kg5 {[%clk 1:30:30]} Rf3 {[%clk
1:30:30]} 99. Qg1+ {[%clk 1:30:30]} 1-0

[Event "Baku Chess Olympiad | Open"]
[Site "chess24.com"]
[Date "2016.09.12"]
[Round "10"]
[White "Ross, Chris N"]
[Black "Hamblok, Roel"]
[Result "0-1"]
[Board "4"]
[WhiteID "410411"]
[WhiteElo "2209"]
[WhiteTitle "CM"]
[WhiteCountry "ENG"]
[WhiteFideId "410411"]
[WhiteEloChange "-8"]
[BlackID "209317"]
[BlackElo "2282"]
[BlackTitle "FM"]
[BlackCountry "BEL"]
[BlackFideId "209317"]
[BlackEloChange "8"]

1. e4 {[%clk 1:30:30]} e5 {[%clk 1:30:30]} 2. Nf3 {[%clk 1:30:30]} Nc6 {[%clk
1:30:30]} 3. Bb5 {[%clk 1:30:30]} Nge7 {[%clk 1:30:30]} 4. O-O {[%clk 1:30:30]}
g6 {[%clk 1:30:30]} 5. c3 {[%clk 1:30:30]} Bg7 {[%clk 1:30:30]} 6. d4 {[%clk
1:30:30]} exd4 {[%clk 1:30:30]} 7. cxd4 {[%clk 1:30:30]} d5 {[%clk 1:30:30]} 8.
exd5 {[%clk 1:30:30]} Nxd5 {[%clk 1:30:30]} 9. Re1+ {[%clk 1:30:30]} Be6 {[%clk
1:30:30]} 10. Bxc6+ {[%clk 1:30:30]} bxc6 {[%clk 1:30:30]} 11. Bg5 {[%clk
1:30:30]} Qb8 {[%clk 1:30:30]} 12. Qc1 {[%clk 1:30:30]} O-O {[%clk 1:30:30]} 13.
Na3 {[%clk 1:30:30]} Nb4 {[%clk 1:30:30]} 14. Qd2 {[%clk 1:30:30]} a5 {[%clk
1:30:30]} 15. b3 {[%clk 1:30:30]} Bd5 {[%clk 1:30:30]} 16. Re3 {[%clk 1:30:30]}
c5 {[%clk 1:30:30]} 17. Rc1 {[%clk 1:30:30]} Bxf3 {[%clk 1:30:30]} 18. Rxf3
{[%clk 1:30:30]} cxd4 {[%clk 1:30:30]} 19. Bh6 {[%clk 1:30:30]} Bxh6 {[%clk
1:30:30]} 20. Qxh6 {[%clk 1:30:30]} f6 {[%clk 1:30:30]} 21. Qh4 {[%clk 1:30:30]}
Qd8 {[%clk 1:30:30]} 22. Nb5 {[%clk 1:30:30]} c5 {[%clk 1:30:30]} 23. Rxc5 {[%clk
1:30:30]} Rc8 {[%clk 1:30:30]} 24. Rxc8 {[%clk 1:30:30]} Qxc8 {[%clk 1:30:30]}
25. h3 {[%clk 1:30:30]} d3 {[%clk 1:30:30]} 26. Qd4 {[%clk 1:30:30]} Qc1+ {[%clk
1:30:30]} 27. Kh2 {[%clk 1:30:30]} d2 {[%clk 1:30:30]} 28. Nc3 {[%clk 1:30:30]}
Nxa2 {[%clk 1:30:30]} 29. Qc4+ {[%clk 1:30:30]} Kg7 {[%clk 1:30:30]} 30. Rd3
{[%clk 1:30:30]} Qxc3 {[%clk 1:30:30]} 31. Qxc3 {[%clk 1:30:30]} Nxc3 {[%clk
1:30:30]} 32. Rxd2 {[%clk 1:30:30]} Rb8 {[%clk 1:30:30]} 33. Rd7+ {[%clk
1:30:30]} Kh6 {[%clk 1:30:30]} 34. Ra7 {[%clk 1:30:30]} Rb5 {[%clk 1:30:30]} 35.
f3 {[%clk 1:30:30]} g5 {[%clk 1:30:30]} 36. Kg3 {[%clk 1:30:30]} Kg6 {[%clk
1:30:30]} 37. h4 {[%clk 1:30:30]} Ne2+ {[%clk 1:30:30]} 38. Kf2 {[%clk 1:30:30]}
Nd4 {[%clk 1:30:30]} 39. hxg5 {[%clk 1:30:30]} Rxg5 {[%clk 1:30:30]} 40. g4
{[%clk 1:30:30]} h5 {[%clk 1:30:30]} 41. gxh5+ {[%clk 1:30:30]} Rxh5 {[%clk
1:30:30]} 42. Ke3 {[%clk 1:30:30]} Nxb3 {[%clk 1:30:30]} 43. Ra8 {[%clk 1:30:30]}
Rb5 {[%clk 1:30:30]} 44. Kd3 {[%clk 1:30:30]} Kf5 {[%clk 1:30:30]} 45. Kc4 {[%clk
1:30:30]} Rb7 {[%clk 1:30:30]} 46. Ra6 {[%clk 1:30:30]} Nd2+ {[%clk 1:30:30]} 47.
Kd3 {[%clk 1:30:30]} Nxf3 {[%clk 1:30:30]} 48. Rxa5+ {[%clk 1:30:30]} Ne5+ {[%clk
1:30:30]} 49. Ke3 {[%clk 1:30:30]} Rb3+ {[%clk 1:30:30]} 50. Ke2 {[%clk 1:30:30]}
Rc3 {[%clk 1:30:30]} 51. Rb5 {[%clk 1:30:30]} Ke4 {[%clk 1:30:30]} 52. Rb4+
{[%clk 1:30:30]} Rc4 {[%clk 1:30:30]} 53. Rb8 {[%clk 1:30:30]} f5 {[%clk
1:30:30]} 54. Re8 {[%clk 1:30:30]} f4 {[%clk 1:30:30]} 55. Kd2 {[%clk 1:30:30]}
f3 {[%clk 1:30:30]} 56. Rf8 {[%clk 1:30:30]} Ra4 {[%clk 1:30:30]} 57. Rf6 {[%clk
1:30:30]} Ra2+ {[%clk 1:30:30]} 58. Kd1 {[%clk 1:30:30]} Ke3 {[%clk 1:30:30]} 59.
Rf5 {[%clk 1:30:30]} Ra1+ {[%clk 1:30:30]} 60. Kc2 {[%clk 1:30:30]} f2 {[%clk
1:30:30]} 61. Rxe5+ {[%clk 1:30:30]} Kd4 {[%clk 1:30:30]} 62. Rf5 {[%clk
1:30:30]} f1Q {[%clk 1:30:30]} 63. Rxf1 {[%clk 1:30:30]} Rxf1 {[%clk 1:30:30]}
64. Kb3 {[%clk 1:30:30]} Rc1 {[%clk 1:30:30]} 65. Kb2 {[%clk 1:30:30]} Rc3 {[%clk
1:30:30]} 66. Kb1 {[%clk 1:30:30]} Kc4 {[%clk 1:30:30]} 67. Kb2 {[%clk 1:30:30]}
Kb4 {[%clk 1:30:30]} 68. Ka2 {[%clk 1:30:30]} Rc2+ {[%clk 1:30:30]} 69. Ka1
{[%clk 1:30:30]} Kb3 {[%clk 1:30:30]} 70. Kb1 {[%clk 1:30:30]} Rc3 {[%clk
1:30:30]} 0-1

[Event "Baku Chess Olympiad | Open"]
[Site "chess24.com"]
[Date "2016.09.12"]
[Round "10"]
[White "Mosenya, Ndawana"]
[Black "Obodchuk, Andrei"]
[Result "0-1"]
[Board "1"]
[WhiteID "11300370"]
[WhiteElo "2003"]
[WhiteCountry "BOT"]
[WhiteFideId "11300370"]
[WhiteEloChange "-2"]
[BlackID "4114310"]
[BlackElo "2402"]
[BlackTitle "IM"]
[BlackCountry "RUS"]
[BlackFideId "4114310"]
[BlackEloChange "1"]

1. e4 {[%clk 1:30:49]} c5 {[%clk 1:30:54]} 2. c3 {[%clk 1:31:11]} d5 {[%clk
1:31:21]} 3. exd5 {[%clk 1:31:33]} Qxd5 {[%clk 1:31:48]} 4. d4 {[%clk 1:31:49]}
Nf6 {[%clk 1:32:13]} 5. Nf3 {[%clk 1:32:13]} Nc6 {[%clk 1:32:37]} 6. dxc5 {[%clk
1:31:34]} Qxd1+ {[%clk 1:33:00]} 7. Kxd1 {[%clk 1:31:48]} Bg4 {[%clk 1:33:26]} 8.
Be3 {[%clk 1:29:47]} Nd5 {[%clk 1:32:14]} 9. Bc4 {[%clk 1:29:32]} O-O-O {[%clk
1:29:58]} 10. Nd2 {[%clk 1:24:02]} e5 {[%clk 1:26:46]} 11. Bxd5 {[%clk 1:24:14]}
Rxd5 {[%clk 1:27:02]} 12. b4 {[%clk 1:24:34]} f5 {[%clk 1:25:12]} 13. c4 {[%clk
1:15:54]} Rd7 {[%clk 1:24:00]} 14. b5 {[%clk 1:15:46]} Na5 {[%clk 1:23:34]} 15.
Kc2 {[%clk 1:12:35]} f4 {[%clk 1:23:26]} 16. Nxe5 {[%clk 1:12:56]} fxe3 {[%clk
1:23:46]} 17. Nxd7 {[%clk 1:13:18]} Kxd7 {[%clk 1:23:44]} 18. fxe3 {[%clk
1:08:17]} Bxc5 {[%clk 1:23:38]} 19. h3 {[%clk 1:03:27]} Be6 {[%clk 1:19:41]} 20.
Rad1 {[%clk 0:58:50]} Ke7 {[%clk 1:18:31]} 21. Nb3 {[%clk 0:49:24]} Bb6 {[%clk
1:11:58]} 22. Nxa5 {[%clk 0:46:05]} Bxa5 {[%clk 1:12:05]} 23. Rd4 {[%clk
0:45:27]} Rf8 {[%clk 1:08:58]} 24. g4 {[%clk 0:41:08]} Rf3 {[%clk 1:03:10]} 25.
Re4 {[%clk 0:39:04]} Bb6 {[%clk 1:01:59]} 26. a4 {[%clk 0:38:30]} Bc5 {[%clk
0:57:03]} 27. a5 {[%clk 0:37:15]} Rf2+ {[%clk 0:51:34]} 28. Kb3 {[%clk 0:36:18]}
Rd2 {[%clk 0:51:19]} 29. a6 {[%clk 0:34:21]} bxa6 {[%clk 0:49:39]} 30. bxa6
{[%clk 0:34:33]} Rd6 {[%clk 0:47:36]} 31. Ka4 {[%clk 0:34:25]} Rb6 {[%clk
0:47:35]} 32. Rd1 {[%clk 0:33:40]} Rb4+ {[%clk 0:46:43]} 33. Ka5 {[%clk 0:33:47]}
Rxc4 {[%clk 0:46:55]} 34. Rxc4 {[%clk 0:33:23]} Bxc4 {[%clk 0:47:23]} 35. e4
{[%clk 0:28:26]} Bb6+ {[%clk 0:44:02]} 36. Kb4 {[%clk 0:28:45]} Bxa6 {[%clk
0:44:28]} 37. Rd5 {[%clk 0:28:56]} Bb7 {[%clk 0:43:52]} 38. Rh5 {[%clk 0:28:49]}
h6 {[%clk 0:41:57]} 39. g5 {[%clk 0:28:53]} hxg5 {[%clk 0:41:16]} 40. Rxg5 {[%clk
0:59:13]} Kf7 {[%clk 1:08:30]} 41. Rf5+ {[%clk 0:52:45]} Ke6 {[%clk 1:07:51]} 42.
Rg5 {[%clk 0:52:48]} Bd4 {[%clk 1:07:09]} 43. Kc4 {[%clk 0:52:39]} Be5 {[%clk
1:07:16]} 44. Kd3 {[%clk 0:49:45]} Bc8 {[%clk 1:04:25]} 45. Rg2 {[%clk 0:49:26]}
Bd7 {[%clk 0:54:12]} 46. Ra2 {[%clk 0:47:04]} Bb5+ {[%clk 0:54:38]} 47. Ke3
{[%clk 0:47:06]} a6 {[%clk 0:55:06]} 48. h4 {[%clk 0:46:56]} Bf6 {[%clk 0:52:17]}
49. h5 {[%clk 0:46:51]} Ke5 {[%clk 0:52:08]} 50. Kf3 {[%clk 0:46:24]} Be7 {[%clk
0:46:09]} 51. Rg2 {[%clk 0:45:43]} Bf8 {[%clk 0:45:23]} 52. Rg5+ {[%clk 0:45:15]}
Ke6 {[%clk 0:45:45]} 53. Kf4 {[%clk 0:44:47]} Bd6+ {[%clk 0:41:01]} 54. e5 {[%clk
0:44:53]} Bc7 {[%clk 0:40:55]} 55. Rg6+ {[%clk 0:44:10]} Kd5 {[%clk 0:41:03]} 56.
Rg5 {[%clk 0:42:31]} a5 {[%clk 0:40:27]} 57. h6 {[%clk 0:42:22]} gxh6 {[%clk
0:40:41]} 58. Rh5 {[%clk 0:42:44]} a4 {[%clk 0:40:45]} 59. Rxh6 {[%clk 0:42:43]}
Bxe5+ {[%clk 0:40:43]} 60. Ke3 {[%clk 0:42:26]} a3 {[%clk 0:41:02]} 0-1

[Event "Baku Chess Olympiad | Open"]
[Site "chess24.com"]
[Date "2016.09.12"]
[Round "10"]
[White "Gurbanov, Andrei"]
[Black "Mosutha, Thuso"]
[Result "1-0"]
[Board "2"]
[WhiteID "13503391"]
[WhiteElo "2322"]
[WhiteTitle "IM"]
[WhiteCountry "ISR"]
[WhiteFideId "13503391"]
[WhiteEloChange "2"]
[BlackID "11302550"]
[BlackElo "1930"]
[BlackCountry "BOT"]
[BlackFideId "11302550"]
[BlackEloChange "-2"]

1. d4 {[%clk 1:30:48]} Nf6 {[%clk 1:30:32]} 2. Bg5 {[%clk 1:31:09]} Ne4 {[%clk
1:30:35]} 3. h4 {[%clk 1:31:29]} d5 {[%clk 1:30:25]} 4. e3 {[%clk 1:30:40]} c5
{[%clk 1:30:35]} 5. dxc5 {[%clk 1:24:57]} Nc6 {[%clk 1:30:20]} 6. Nd2 {[%clk
1:23:15]} Nxc5 {[%clk 1:30:22]} 7. h5 {[%clk 1:22:52]} h6 {[%clk 1:29:59]} 8. Bh4
{[%clk 1:23:15]} Bf5 {[%clk 1:30:09]} 9. Nb3 {[%clk 1:22:08]} Nxb3 {[%clk
1:29:08]} 10. axb3 {[%clk 1:22:16]} a6 {[%clk 1:29:22]} 11. c3 {[%clk 1:21:09]}
Qd7 {[%clk 1:29:21]} 12. Be2 {[%clk 1:19:55]} e6 {[%clk 1:29:26]} 13. b4 {[%clk
1:20:08]} Rc8 {[%clk 1:28:53]} 14. Nf3 {[%clk 1:16:38]} Bg4 {[%clk 1:16:40]} 15.
Nd4 {[%clk 1:11:45]} Bxe2 {[%clk 1:16:45]} 16. Qxe2 {[%clk 1:11:57]} Ne5 {[%clk
1:16:20]} 17. Rd1 {[%clk 1:01:52]} f5 {[%clk 1:06:31]} 18. f3 {[%clk 0:52:56]}
Be7 {[%clk 1:06:34]} 19. e4 {[%clk 0:46:28]} O-O {[%clk 1:05:48]} 20. Bxe7 {[%clk
0:46:16]} Qxe7 {[%clk 1:06:08]} 21. f4 {[%clk 0:41:30]} Nd3+ {[%clk 0:46:32]} 22.
Qxd3 {[%clk 0:40:01]} fxe4 {[%clk 0:46:56]} 23. Qg3 {[%clk 0:40:19]} Rf6 {[%clk
0:47:02]} 24. O-O {[%clk 0:38:53]} Rcf8 {[%clk 0:47:11]} 25. f5 {[%clk 0:37:52]}
exf5 {[%clk 0:46:51]} 26. Rf4 {[%clk 0:37:01]} Qf7 {[%clk 0:47:04]} 27. Qh3
{[%clk 0:37:14]} Qc7 {[%clk 0:44:53]} 28. Rdf1 {[%clk 0:37:19]} Qc4 {[%clk
0:44:09]} 29. Nxf5 {[%clk 0:36:19]} Kh8 {[%clk 0:43:49]} 30. Ne3 {[%clk 0:34:06]}
Rxf4 {[%clk 0:25:00]} 31. Rxf4 {[%clk 0:33:00]} Qc8 {[%clk 0:19:33]} 32. Qxc8
{[%clk 0:31:32]} Rxc8 {[%clk 0:19:50]} 33. Nxd5 {[%clk 0:31:55]} 1-0